| 000 | 01452cam a2200253 4500 | ||
|---|---|---|---|
| 999 |
_c23721 _d23721 |
||
| 001 | 1342343 | ||
| 003 | BDDh-ASL | ||
| 005 | 20231015030259.0 | ||
| 008 | 720717t19661941nyu b 011 0 eng | ||
| 010 | _a 79160004 | ||
| 040 |
_aDLC _cDLC _dDLC _dBDDh-ASL |
||
| 050 | 0 | 0 |
_aB759.M34 _bE8 1966 |
| 082 |
_a922 _bBAE |
||
| 245 | 0 | 0 |
_aEssays on Maimonides: _ban octocentennial volume / _cEdited by Salo Wittmayer Baron. |
| 260 |
_aNew York : _bAMS Press, _c1966 [c1941] |
||
| 300 |
_a316 p. : _c24 cm. |
||
| 504 | _aIncludes bibliographical references. | ||
| 505 | 0 | _aThe celebration of the eight-hundredth anniversary of the birth of Moses Maimonides, Casa de las EspaƱas, Columbia University, March 30, 1935: Introduction by N. M. Butler. Moses Maimonides, the philosopher, by R. McKeon. Maimonides, the scientist, by R. Gottheil. Maimonides, the leader and lawgiver, by S. W. Baron.--Homage to Maimonides, by E. Gilson.--The literary character of the Guide for the perplexed, by L. Strauss.--Maimonides' treaties on resurrection: a comparative study, by J. Finkel.--A responsum of Maimonides, by R. Gottheil.--The economic views of Maimonides, by S. W. Baron.--The medical work of Maimonides, by M. Meyerhof. | |
| 600 | 1 | 0 |
_aMaimonides, Moses, _d1135-1204. |
| 700 | 1 |
_aMaimonides, Moses, _d1135-1204. |
|
| 700 | 1 |
_aBaron, Salo W. _q(Salo Wittmayer), _d1895-1989, _eed. |
|
| 906 |
_a7 _bcbc _corignew _d2 _encip _f19 _gy-gencatlg |
||
| 942 |
_2ddc _cBK |
||